书目信息 |
| 题名: |
智永草书千字文解析字帖
|
|
| 作者: | 李松 编著 | |
| 分册: | ||
| 出版信息: | 北京 新时代出版社 1997.01 |
|
| 页数: | 116页 | |
| 开本: | 16开 | |
| 丛书名: | ||
| 单 册: | ||
| 中图分类: | J292.34 | |
| 科图分类: | ||
| 主题词: | 书法--中国 , 篆刻--中国 | |
| 电子资源: | ||
| ISBN: | 7-5042-0348-3 | |
| 000 | 00592nam0 2200205 45 | |
| 001 | 0005221754 | |
| 005 | 20000522175359.4 | |
| 010 | @a7-5042-0348-3@d12.00元 | |
| 100 | @a20000522d1997 km y0chiy0120 ea | |
| 101 | @achi | |
| 105 | @a z 000yy | |
| 200 | 1 | @a智永草书千字文解析字帖@AZhi Yong Cao Shu Qian Zi Wen Jie Xi Zi Tie@f李松编著@FLi Song Bian Zhu |
| 210 | @a北京@c新时代出版社@d1997.01 | |
| 215 | @a116页@d16开 | |
| 606 | 0 | @a书法@x中国 |
| 606 | 0 | @a篆刻@x中国 |
| 690 | @aJ292.34@v3 | |
| 701 | @a李松@4编著 | |
| 801 | @aCN@bPftUser@c20000522 | |
| 905 | @f1@b56418@dJ292.34@eL.304/1 | |
| 智永草书千字文解析字帖/李松编著.-北京:新时代出版社,1997.01 |
| 116页;16开 |
| ISBN 7-5042-0348-3:12.00元 |
| ● |
| 相关链接 |
|
|
|
正题名:智永草书千字文解析字帖
索取号:J292.34/L.304/1
 
预约/预借
| 序号 | 登录号 | 条形码 | 馆藏地/架位号 | 状态 | 备注 |
| 1 | 56418 | 200564184 | 社科库309/309社科库 81排1列6层/ [索取号:J292.34/L.304/1] | 在馆 |